000 00410nam a2200145Ia 4500
008 150201s1983 xx 000 0 und d
082 _a617.695
_bP1983M
100 _aMORRIS ROBERT
245 _aPRINCIPLES OF DENTAL TREATMENT PLANING
250 _a1ST
260 _bLEA & FEBIGER PUBLICATION
_aPHILADELPHIA (U.K)
_c1983
300 _a1-672
650 _aCONSERVATIVE DENTISTRY & ENDODONTICS
942 _2ddc
_cBK
999 _c3149
_d3149